[Event "28th Czech Open A 2017"]
[Site "Pardubice CZE"]
[Date "2017.07.28"]
[Round "8.30"]
[White "Gutman, Gennadi"]
[Black "Khaetsky, Roman"]
[Result "1/2-1/2"]
[WhiteTitle "GM"]
[BlackTitle "IM"]
[WhiteElo "2480"]
[BlackElo "2373"]
[WhiteFideId "14102277"]
[BlackFideId "14106221"]
[EventDate "2017.07.21"]

1. d4 f5 2. g3 Nf6 3. Bg2 g6 4. Nf3 Bg7 5. O-O O-O 6. c4 d6 7. Nc3 Qe8 8. Nd5
Nxd5 9. cxd5 Nd7 10. Qc2 Nb6 11. Ng5 Bxd4 12. Qxc7 Na4 13. Rb1 Bg7 14. Qc4 Bd7
15. Qh4 h6 16. Ne6 Bxe6 17. dxe6 g5 18. Qb4 Nc5 19. Be3 a5 20. Qb6 Ra6 21. Qc7
Qd8 22. Qxd8 Rxd8 23. Rfc1 b6 24. Bd5 a4 25. b4 axb3 26. axb3 Ne4 27. Bxe4 fxe4
28. Rc7 Bf6 29. Rd1 Ra2 30. Kf1 Rf8 31. Bxb6 Rb2 32. Be3 Rxb3 33. Rc4 Rb5 34.
Rxe4 Re5 35. Rdd4 Kg7 36. Ra4 Rxe4 37. Rxe4 Kg6 38. Kg2 Kf5 39. f3 Be5 40. h4
Rg8 41. Kh3 Rg6 42. Rg4 Bf6 43. h5 Rg8 44. Re4 Be5 45. g4+ Kf6 46. Bf2 Rc8 47.
e3 Kxe6 48. Bg3 Rc3 49. Kg2 Kd5 50. Bf2 Rc2 51. Rb4 Ke6 52. Rb1 Kf7 53. Kf1 Ra2
54. Re1 Rc2 55. Re2 Rc1+ 56. Kg2 Rb1 57. Be1 Rc1 58. Bd2 Rc2 59. Kf2 Bc3 60.
Bxc3 Rxc3 61. Ra2 Rb3 62. Ra5 Rb2+ 63. Kg3 Rb3 64. e4 Rc3 65. Rf5+ Kg7 1/2-1/2

[Event "28th Czech Open A 2017"]
[Site "Pardubice CZE"]
[Date "2017.07.28"]
[Round "8.31"]
[White "Pavlov, Sergey2"]
[Black "Rydl, Jiri"]
[Result "1-0"]
[WhiteTitle "IM"]
[BlackTitle "FM"]
[WhiteElo "2467"]
[BlackElo "2395"]
[WhiteFideId "14114330"]
[BlackFideId "346390"]
[EventDate "2017.07.21"]

1. Nf3 d5 2. d4 Nf6 3. c4 c6 4. g3 Bg4 5. Ne5 Be6 6. cxd5 Bxd5 7. f3 g6 8. Nc3
Be6 9. e4 Bg7 10. Be3 O-O 11. Be2 Nbd7 12. O-O Nxe5 13. dxe5 Nd7 14. f4 f5 15.
Qc2 Nb6 16. Rfd1 Qc8 17. exf5 Bxf5 18. Qb3+ Be6 19. Qb4 Qc7 20. Rac1 Rfd8 21.
Qa5 Bf8 22. Kf2 Bf7 23. a3 Rxd1 24. Rxd1 Bb3 25. Rd2 Rc8 26. Qxa7 Nd5 27. Nxd5
cxd5 28. Bg4 d4 29. Bxc8 Qxc8 30. Qxd4 Qh3 31. Kg1 b5 32. Rf2 e6 33. Qd8 Kf7 34.
Qd7+ Kg8 35. Qxb5 Bd5 36. Qe8 Kg7 37. Qd7+ Kg8 38. Qd8 1-0

[Event "28th Czech Open A 2017"]
[Site "Pardubice CZE"]
[Date "2017.07.28"]
[Round "8.32"]
[White "Popov, Mikhail"]
[Black "Prasanna, Raghuram Rao"]
[Result "0-1"]
[WhiteTitle "FM"]
[BlackTitle "IM"]
[WhiteElo "2374"]
[BlackElo "2466"]
[WhiteFideId "4146182"]
[BlackFideId "5022401"]
[EventDate "2017.07.21"]

1. Nf3 c5 2. c4 Nc6 3. Nc3 Nf6 4. e3 e6 5. d4 d5 6. dxc5 Bxc5 7. cxd5 exd5 8.
Be2 O-O 9. O-O Re8 10. a3 Bd6 11. Nb5 Bb8 12. b3 a6 13. Nbd4 Nxd4 14. Qxd4 Bg4
15. Bb2 Qd6 16. g3 Qd7 17. Rfd1 Ba7 18. Qd2 Ne4 19. Qxd5 Qe7 20. Bd4 Bxd4 21.
Qxd4 Rad8 22. Qb4 Rxd1+ 23. Bxd1 Qf6 24. Qd4 Qf5 25. Kg2 h6 26. Qb2 Qh5 27. Qc2
Qd5 28. h3 Bf5 29. Qc4 Bxh3+ 30. Kxh3 Nxf2+ 31. Kh2 Qd7 32. Qf1 Ng4+ 33. Kg1
Nxe3 34. Qe2 Qd6 35. Bc2 Qc5 36. Qf2 Qxc2 37. Qxc2 Nxc2 38. Ra2 Ne1 0-1

[Event "28th Czech Open A 2017"]
[Site "Pardubice CZE"]
[Date "2017.07.28"]
[Round "8.33"]
[White "Abergel, Thal"]
[Black "Swicarz, Maciej"]
[Result "1-0"]
[WhiteTitle "GM"]
[WhiteElo "2464"]
[BlackElo "2372"]
[WhiteFideId "614890"]
[BlackFideId "1113585"]
[EventDate "2017.07.21"]

1. e4 c5 2. Nf3 Nc6 3. Bb5 e6 4. Bxc6 bxc6 5. e5 Qc7 6. b3 f6 7. Bb2 fxe5 8.
Nxe5 Nf6 9. Ng4 Nxg4 10. Qxg4 d6 11. d3 e5 12. Qg3 Qe7 13. Nd2 Bf5 14. O-O-O
O-O-O 15. f4 exf4 16. Qxf4 Qd7 17. Rhf1 Be6 18. Rde1 Re8 19. Qa4 Rg8 20. Bc3 Bd5
21. Rxe8+ Qxe8 22. Qxa7 Qe7 23. Qa8+ Kd7 24. Ba5 Be6 25. Nc4 1-0

[Event "28th Czech Open A 2017"]
[Site "Pardubice CZE"]
[Date "2017.07.28"]
[Round "8.34"]
[White "Bilguun, Sumiya"]
[Black "Sodoma, Jan"]
[Result "1-0"]
[WhiteTitle "IM"]
[BlackTitle "IM"]
[WhiteElo "2460"]
[BlackElo "2351"]
[WhiteFideId "4901541"]
[BlackFideId "323195"]
[EventDate "2017.07.21"]

1. e4 e5 2. Nf3 Nc6 3. Bb5 a6 4. Ba4 Nf6 5. O-O Be7 6. Re1 b5 7. Bb3 d6 8. c3
O-O 9. h3 Bb7 10. d4 Re8 11. Nbd2 Bf8 12. a3 h6 13. Bc2 Nb8 14. b4 Nbd7 15. Bb2
Nb6 16. Rc1 Nfd7 17. Qe2 g6 18. c4 bxc4 19. dxe5 Nxe5 20. Nxe5 dxe5 21. Nxc4
Nxc4 22. Qxc4 Bd6 23. Ba4 Re6 24. Bb3 Rf6 25. f4 Qe7 26. fxe5 Bxe5 27. Bxe5 Qxe5
28. Qxc7 Qd4+ 29. Kh2 Bxe4 30. Rc4 Qb2 31. Rcxe4 Qxb3 32. Re8+ Rxe8 33. Rxe8+
Kh7 34. Qe5 Kg7 35. Qc5 g5 36. Qf8+ Kg6 37. Qg8+ Kh5 38. Qg7 Qc3 39. Re7 Qd4 40.
Re1 Qf4+ 41. Kh1 Qf2 42. Re4 Rd6 43. Kh2 Rf6 44. a4 Qb6 45. Re1 Kh4 46. Re4+ Kh5
47. Re1 Kh4 48. Qh7 Qd6+ 49. Kh1 Qd2 50. Qb1 Rf4 51. Re4 f5 52. Rxf4+ gxf4 53.
Qb3 f3 54. Qxf3 Qxb4 55. Qxf5 Qe1+ 56. Kh2 Qg3+ 57. Kg1 Qe1+ 58. Qf1 Qxf1+ 59.
Kxf1 Kg3 60. a5 h5 61. Kg1 h4 62. Kf1 Kf4 63. Kf2 Ke4 64. g4 hxg3+ 65. Kxg3 Kf5
66. Kf3 Kg5 67. Ke4 Kh4 68. Kd5 1-0

[Event "28th Czech Open A 2017"]
[Site "Pardubice CZE"]
[Date "2017.07.28"]
[Round "8.35"]
[White "Spalir, Jernej"]
[Black "Nasuta, Grzegorz"]
[Result "1/2-1/2"]
[WhiteTitle "FM"]
[BlackTitle "IM"]
[WhiteElo "2342"]
[BlackElo "2455"]
[WhiteFideId "14606518"]
[BlackFideId "1141686"]
[EventDate "2017.07.21"]

1. d4 Nf6 2. c4 g6 3. Nc3 d5 4. Nf3 Bg7 5. cxd5 Nxd5 6. e4 Nxc3 7. bxc3 c5 8.
Bb5+ Bd7 9. Bxd7+ Nxd7 10. O-O O-O 11. Rb1 Qc7 12. Bg5 e6 13. Qb3 b6 14. e5 Rfc8
15. Rfc1 Qb7 16. Qa4 Rc7 17. Qb5 Rac8 18. a4 cxd4 19. cxd4 Rxc1+ 20. Rxc1 Rxc1+
21. Bxc1 a6 22. Qb3 b5 23. axb5 axb5 24. Ba3 Qc6 25. h3 Nb6 26. Bc5 Na4 27. Bd6
Bh6 28. Qb4 Qc1+ 29. Kh2 Bf4+ 30. g3 Qf1 31. Qe1 Qxe1 32. Nxe1 Bh6 33. Nc2 Bf8
34. Bxf8 Kxf8 35. Kg2 Ke7 36. Kf3 Kd7 37. Ke3 Nb6 38. Kd3 Nd5 39. Ne3 Kc6 40.
Ng4 Kb6 41. Nh6 f6 42. f4 fxe5 43. fxe5 Ka5 44. Nf7 Nc7 45. Ng5 h5 46. d5 exd5
47. e6 Kb6 48. e7 Kc6 49. Ne6 Ne8 50. Nf4 g5 51. Nxh5 Kd7 52. h4 gxh4 53. gxh4
Kxe7 54. Nf4 1/2-1/2

[Event "28th Czech Open A 2017"]
[Site "Pardubice CZE"]
[Date "2017.07.28"]
[Round "8.36"]
[White "Malakhov, Igor"]
[Black "Villegas, Pierre"]
[Result "1/2-1/2"]
[WhiteTitle "IM"]
[BlackTitle "FM"]
[WhiteElo "2454"]
[BlackElo "2295"]
[WhiteFideId "4183088"]
[BlackFideId "654183"]
[EventDate "2017.07.21"]

1. Nf3 d5 2. c4 e6 3. g3 Nf6 4. Bg2 d4 5. O-O c5 6. e3 Nc6 7. exd4 cxd4 8. d3
Bd6 9. Na3 e5 10. Re1 O-O 11. c5 Bxc5 12. Nc4 Bg4 13. Ncxe5 Nxe5 14. Rxe5 Qb6
15. h3 Bxf3 16. Qxf3 Rae8 17. Bf4 Qxb2 18. Rae1 Rxe5 19. Bxe5 Re8 20. Re2 Qb1+
21. Bf1 Qb6 22. Bxf6 Rxe2 23. Bxe2 Qxf6 24. Qxb7 Bb6 25. Bd1 g6 26. Bb3 Kg7 27.
Kg2 h5 28. Qd5 Qf5 29. Qxf5 1/2-1/2

[Event "28th Czech Open A 2017"]
[Site "Pardubice CZE"]
[Date "2017.07.28"]
[Round "8.37"]
[White "Kosmo, Santul"]
[Black "Bergauz, Noam"]
[Result "0-1"]
[WhiteElo "2168"]
[BlackElo "2309"]
[WhiteFideId "504173"]
[BlackFideId "12938033"]
[EventDate "2017.07.21"]

1. e4 c6 2. d4 d5 3. Nc3 dxe4 4. Nxe4 Bf5 5. Ng3 Bg6 6. Nh3 e6 7. Nf4 Bd6 8. c3
Nf6 9. Qf3 Nbd7 10. Nxg6 hxg6 11. Bd3 Qc7 12. Bg5 O-O-O 13. O-O e5 14. Rfe1 Rde8
15. h3 Kb8 16. Ne4 Nxe4 17. Bxe4 f6 18. Bxg6 fxg5 19. Bxe8 Rxe8 20. dxe5 Nxe5
21. Qh5 Qe7 22. b4 g6 23. Qd1 Bc7 24. a4 g4 25. a5 Rd8 26. Qxg4 Qd6 27. Qg3 Qd5
28. Qe3 g5 29. Qc5 Qxc5 30. bxc5 Rd5 31. Re4 Rxc5 32. f4 gxf4 33. Rxf4 Bxa5 34.
Kf1 a6 35. g4 Bxc3 36. Rc1 b5 37. h4 b4 38. Ke2 b3 39. h5 b2 40. Rd1 Kc7 41. g5
Bd2 42. Kxd2 Rd5+ 43. Kc2 Rxd1 44. Rb4 Rc1+ 45. Kxb2 Nd3+ 46. Kb3 Nxb4 47. h6
Rh1 0-1

[Event "28th Czech Open A 2017"]
[Site "Pardubice CZE"]
[Date "2017.07.28"]
[Round "8.38"]
[White "Yelisieiev, Yevhenii"]
[Black "Garakov, Mikhael"]
[Result "1-0"]
[WhiteTitle "FM"]
[BlackTitle "IM"]
[WhiteElo "2317"]
[BlackElo "2447"]
[WhiteFideId "14139642"]
[BlackFideId "4169034"]
[EventDate "2017.07.21"]

1. d4 g6 2. Nf3 Bg7 3. c4 c5 4. d5 d6 5. e4 e6 6. Nc3 Ne7 7. Qa4+ Bd7 8. Qb3 Na6
9. Nb5 Nc8 10. dxe6 Bxe6 11. Be2 O-O 12. O-O Nc7 13. Bg5 Qd7 14. a4 Rb8 15. Rfd1
Bg4 16. Bf4 Ne6 17. Bg3 Bxf3 18. Bxf3 Nd4 19. Nxd4 Bxd4 20. e5 b6 21. Rxd4 cxd4
22. c5 Ne7 23. cxd6 Nf5 24. Bf4 Ng7 25. Bg5 Rbc8 26. h3 h5 27. Bf6 Rc5 28. Qd3
Ne8 29. b4 Rc3 30. Qxd4 Rxf3 31. gxf3 Nxf6 32. exf6 Rd8 33. Re1 Qc6 34. b5 Qxf3
35. d7 Kh7 36. Re7 Qxh3 37. Rxf7+ Kh6 38. Qe3+ Qxe3 39. fxe3 Kg5 40. e4 h4 41.
e5 Kf4 42. e6 Kg3 43. Rg7 1-0

[Event "28th Czech Open A 2017"]
[Site "Pardubice CZE"]
[Date "2017.07.28"]
[Round "8.39"]
[White "Jansa, Vlastimil"]
[Black "Sadhwani, Raunak"]
[Result "1/2-1/2"]
[WhiteTitle "GM"]
[BlackTitle "FM"]
[WhiteElo "2446"]
[BlackElo "2314"]
[WhiteFideId "300128"]
[BlackFideId "35093487"]
[EventDate "2017.07.21"]

1. e4 c6 2. c4 d5 3. cxd5 cxd5 4. exd5 Nf6 5. Bb5+ Nbd7 6. Nc3 a6 7. Be2 Nb6 8.
Nf3 Nbxd5 9. d4 g6 10. O-O Bg7 11. Ne5 O-O 12. Bf3 Be6 13. Bg5 Rc8 14. Qd2 b5
15. Rfe1 Nxc3 16. bxc3 Bd5 17. a4 Bxf3 18. Nxf3 Nd5 19. axb5 axb5 20. Ra3 Qc7
21. Qd3 1/2-1/2

[Event "28th Czech Open A 2017"]
[Site "Pardubice CZE"]
[Date "2017.07.28"]
[Round "8.40"]
[White "Haba, Petr"]
[Black "Hoeglauer, Patrick"]
[Result "1-0"]
[WhiteTitle "GM"]
[BlackTitle "FM"]
[WhiteElo "2432"]
[BlackElo "2291"]
[WhiteFideId "300160"]
[BlackFideId "1270548"]
[EventDate "2017.07.21"]

1. d4 Nf6 2. c4 e6 3. g3 c5 4. Nf3 cxd4 5. Nxd4 Qc7 6. Nc3 a6 7. Bg2 Qxc4 8. Bf4
Qb4 9. O-O Be7 10. Rc1 Nc6 11. Nb3 O-O 12. e4 d6 13. Be3 Na5 14. Nd2 Bd7 15. Rc2
Nc6 16. a3 Qa5 17. Nc4 Qc7 18. Nb6 Rad8 19. Ncd5 exd5 20. exd5 Bf5 21. Rc1 Be4
22. Bxe4 Nxe4 23. dxc6 bxc6 24. Nd5 Qb7 25. Rxc6 Rd7 26. Rb6 Qa8 27. Rb4 1-0

[Event "28th Czech Open A 2017"]
[Site "Pardubice CZE"]
[Date "2017.07.28"]
[Round "8.41"]
[White "Vykouk, Jan"]
[Black "Bartos, Jan"]
[Result "1/2-1/2"]
[WhiteTitle "FM"]
[BlackTitle "FM"]
[WhiteElo "2430"]
[BlackElo "2189"]
[WhiteFideId "349658"]
[BlackFideId "315060"]
[EventDate "2017.07.21"]

1. e4 e5 2. Nf3 Nc6 3. Bc4 Bc5 4. b4 Bb6 5. d3 d6 6. Ng5 Nh6 7. c3 Qf6 8. O-O
O-O 9. h3 Nd8 10. Qh5 Ne6 11. Nxe6 Bxe6 12. Bg5 Qg6 13. Qxg6 hxg6 14. Bxe6 fxe6
15. a4 a6 16. Nd2 Nf7 17. Be3 Bxe3 18. fxe3 Ng5 19. Nc4 Rf6 20. Na5 b6 21. Nc6
Kf8 22. b5 axb5 23. axb5 Rxf1+ 24. Rxf1+ Ke8 25. Nb4 Ra3 26. c4 Rb3 27. Na6 Rxd3
28. h4 Nxe4 29. Nxc7+ Ke7 30. Ra1 Nd2 31. Ra7 Nxc4 32. Nd5+ Kf8 33. Ne7 Nxe3 34.
Nxg6+ Kg8 35. h5 Kh7 36. Nf8+ Kh6 37. Nxe6 g6 38. hxg6 Kxg6 39. Kf2 Nc4 40. g4
Kf6 41. Nf8 e4 42. Nh7+ Ke5 43. g5 Rd2+ 44. Kg3 Ne3 45. Re7+ Kd4 46. Re6 Kd5 47.
Re8 Nf1+ 48. Kg4 Rg2+ 49. Kf5 Ng3+ 50. Kg4 Ne2+ 51. Kf5 Rf2+ 52. Kg4 Rf4+ 53.
Kh3 Rf3+ 54. Kh4 1/2-1/2

[Event "28th Czech Open A 2017"]
[Site "Pardubice CZE"]
[Date "2017.07.28"]
[Round "8.42"]
[White "Aliyev, Ravan"]
[Black "Cawdery, Daniel"]
[Result "1/2-1/2"]
[BlackTitle "IM"]
[WhiteElo "2311"]
[BlackElo "2426"]
[WhiteFideId "13409980"]
[BlackFideId "14300249"]
[EventDate "2017.07.21"]

1. d4 Nf6 2. c4 g6 3. Nc3 d5 4. cxd5 Nxd5 5. e4 Nxc3 6. bxc3 Bg7 7. Bc4 c5 8.
Ne2 Nc6 9. Be3 O-O 10. Rc1 cxd4 11. cxd4 Qa5+ 12. Kf1 Rd8 13. h4 h5 14. Qb3 e6
15. e5 b5 16. Qxb5 Bd7 17. Qxa5 Nxa5 18. Ba6 Rab8 19. Bg5 Re8 20. Rh3 Rb6 21.
Bd3 Bc6 22. Nc3 Rb4 23. Bd2 Rb2 1/2-1/2

[Event "28th Czech Open A 2017"]
[Site "Pardubice CZE"]
[Date "2017.07.28"]
[Round "8.43"]
[White "Bryzgalin, Kirill"]
[Black "Belous, Mikhail"]
[Result "1-0"]
[WhiteTitle "GM"]
[BlackTitle "FM"]
[WhiteElo "2424"]
[BlackElo "2313"]
[WhiteFideId "4133285"]
[BlackFideId "14127555"]
[EventDate "2017.07.21"]

1. d4 Nf6 2. g3 g6 3. Bg2 Bg7 4. e4 d6 5. Ne2 O-O 6. O-O e5 7. h3 Re8 8. Nbc3 c6
9. g4 Nbd7 10. Be3 exd4 11. Bxd4 b5 12. g5 Nh5 13. Bxg7 Nxg7 14. Qxd6 Qxg5 15.
f4 Qc5+ 16. Qxc5 Nxc5 17. b4 Na6 18. Rfb1 Rd8 19. e5 Rb8 20. Bxc6 Bxh3 21. Bxb5
Nc7 22. Bd3 Bf5 23. Ne4 Nd5 24. a3 Ne6 25. Rf1 Bg4 26. Nd6 Bxe2 27. Bxe2 Ne3 28.
c4 Nxf1 29. Rxf1 Kf8 30. c5 a5 31. Bc4 axb4 32. Bxe6 fxe6 33. axb4 Ke7 34. b5
Kd7 35. Kf2 Ra8 36. Ke3 Ra3+ 37. Kd4 Ra4+ 38. Kc3 Ra3+ 39. Kb4 Rda8 40. c6+ Kc7
41. b6+ Kxc6 42. Rc1+ Kd7 43. Rc7+ Kd8 44. Nb7+ Ke8 45. Nc5 Kd8 46. Nxe6+ Ke8
47. Nc5 Kd8 48. Rd7+ Ke8 49. b7 1-0

[Event "28th Czech Open A 2017"]
[Site "Pardubice CZE"]
[Date "2017.07.28"]
[Round "8.44"]
[White "Michalik, Peter"]
[Black "Flick, Antoine"]
[Result "1-0"]
[WhiteTitle "GM"]
[BlackTitle "FM"]
[WhiteElo "2557"]
[BlackElo "2331"]
[WhiteFideId "14907526"]
[BlackFideId "26025736"]
[EventDate "2017.07.21"]

1. Nf3 d5 2. d4 Nf6 3. c4 c6 4. e3 Bf5 5. Nc3 a6 6. Ne5 Nbd7 7. Qb3 Ra7 8. cxd5
cxd5 9. Nxd7 Qxd7 10. Bd2 e6 11. Rc1 Ra8 12. Be2 Be7 13. Na4 Rc8 14. O-O Rxc1
15. Rxc1 O-O 16. Nb6 Qd8 17. Nc8 Re8 18. Qxb7 Bf8 19. Qxa6 e5 20. Na7 Ne4 21.
Be1 Qg5 22. dxe5 Re6 23. Rc6 Bh3 24. Bf1 Qg6 25. Rxe6 fxe6 26. Nc6 Ng5 27. Nd4
Qb1 28. Qe2 Qg6 29. Kh1 1-0

[Event "28th Czech Open A 2017"]
[Site "Pardubice CZE"]
[Date "2017.07.28"]
[Round "8.45"]
[White "Schlosser, Philipp"]
[Black "Vusatiuk, Vladimir"]
[Result "1-0"]
[WhiteTitle "GM"]
[BlackTitle "IM"]
[WhiteElo "2516"]
[BlackElo "2338"]
[WhiteFideId "4600169"]
[BlackFideId "14118610"]
[EventDate "2017.07.21"]

1. Nf3 d5 2. g3 Nf6 3. Bg2 c6 4. O-O Bg4 5. d3 Nbd7 6. Nbd2 e5 7. e4 dxe4 8.
dxe4 Bc5 9. h3 Bxf3 10. Qxf3 O-O 11. Nb3 Be7 12. Be3 Qc7 13. Qe2 a5 14. a4 Rfb8
15. Ra2 Ne8 16. Rd1 Rd8 17. Raa1 Nd6 18. h4 b5 19. Nd2 Nb6 20. b3 bxa4 21. bxa4
c5 22. Nb1 Ndc4 23. Nc3 Rxd1+ 24. Rxd1 Nxe3 25. Qxe3 Qc6 26. Nd5 Bf8 27. Qc3
Nxd5 28. exd5 Qxa4 29. d6 Rd8 30. Qxc5 Qb4 31. Qxb4 axb4 32. d7 Bc5 33. Rd5 Bd4
34. Rb5 Kf8 35. Bc6 Bc3 36. Kg2 Ke7 37. Rb7 f5 38. Rc7 Bd4 39. Rc8 Bb6 40. f3 g6
41. Bb5 Bd4 42. Kf1 Bc3 43. Ke2 Bd4 44. g4 h5 45. g5 Bc3 46. Ba4 Bb2 47. Rc5 Bc3
48. Rc7 Bd4 49. Bb5 Bc3 50. Ra7 Rb8 51. Ba4 Bd4 52. Rc7 Rd8 53. Rc4 Bc3 54. Bb5
f4 55. Ba4 Rg8 56. Rc6 Bd4 57. Ra6 Bg1 58. Bb3 Rd8 59. Rxg6 Kxd7 60. Rh6 Be3 61.
Rxh5 1-0

[Event "28th Czech Open A 2017"]
[Site "Pardubice CZE"]
[Date "2017.07.28"]
[Round "8.46"]
[White "Kovacevic, Blazimir"]
[Black "Hrabusa, Matej"]
[Result "1-0"]
[WhiteTitle "IM"]
[WhiteElo "2499"]
[BlackElo "2335"]
[WhiteFideId "14502712"]
[BlackFideId "14908042"]
[EventDate "2017.07.21"]

1. c4 e6 2. Nc3 d5 3. d4 Bb4 4. e3 Nf6 5. Bd3 e5 6. dxe5 dxc4 7. Qa4+ Nc6 8.
Bxc4 Ne4 9. Qc2 Bf5 10. Bd3 Qd5 11. f3 Nxc3 12. Bxf5 Nxa2+ 13. Kf2 Nxc1 14. Rxc1
Qxe5 15. f4 Qe7 16. Nf3 Ba5 17. Rcd1 Bb6 18. Bd7+ Kf8 19. Bxc6 bxc6 20. Ne5 Qb4
21. Qf5 Qxb2+ 22. Kg3 Qb3 23. Rd7 Qxe3+ 24. Kh4 g5+ 25. Qxg5 Bc5 26. Rhd1 Qf2+
27. Kh3 Qe3+ 28. g3 1-0

[Event "28th Czech Open A 2017"]
[Site "Pardubice CZE"]
[Date "2017.07.28"]
[Round "8.47"]
[White "Mueller, Ralf1"]
[Black "Potapov, Pavel"]
[Result "0-1"]
[WhiteTitle "FM"]
[BlackTitle "GM"]
[WhiteElo "2330"]
[BlackElo "2495"]
[WhiteFideId "4606612"]
[BlackFideId "4169786"]
[EventDate "2017.07.21"]

1. Nf3 g6 2. e4 Bg7 3. d4 d6 4. c4 Nd7 5. Nc3 e5 6. Be2 Ne7 7. d5 O-O 8. h4 f5
9. h5 Nc5 10. hxg6 Nxg6 11. Bg5 Qe8 12. g3 fxe4 13. Nd2 Bf5 14. Be3 Nd3+ 15. Kf1
Ngf4 16. Ndxe4 Nxb2 17. Qc2 Nxe2 18. Qxe2 Na4 19. Bd2 Qg6 20. Rh4 Nxc3 21. Bxc3
h5 22. Rb1 Bf6 0-1

[Event "28th Czech Open A 2017"]
[Site "Pardubice CZE"]
[Date "2017.07.28"]
[Round "8.48"]
[White "Seger, Ruediger"]
[Black "Carlsson, Pontus"]
[Result "0-1"]
[WhiteTitle "IM"]
[BlackTitle "GM"]
[WhiteElo "2346"]
[BlackElo "2453"]
[WhiteFideId "4617274"]
[BlackFideId "1705814"]
[EventDate "2017.07.21"]

1. e4 c5 2. c3 d5 3. exd5 Qxd5 4. d4 Nf6 5. Nf3 g6 6. Na3 Bg7 7. Be3 cxd4 8. Nb5
O-O 9. cxd4 Bg4 10. Nc3 Qa5 11. h3 Bxf3 12. Qxf3 Nc6 13. Bb5 Qb4 14. O-O-O Rac8
15. Bxc6 Rxc6 16. Rd3 Rfc8 17. Bd2 Rb6 18. b3 Rd6 19. Kb1 Rxd4 20. Nd5 Rxd3 21.
Bxb4 Rxf3 22. Nxe7+ Kh8 23. gxf3 Rd8 24. Rc1 Ne8 25. f4 f5 26. f3 Bf6 27. Nc8 a6
28. Nb6 Kg7 29. Re1 Kf7 30. Kc2 Nc7 31. Nc4 Nb5 32. Re3 Rd7 33. Rd3 Ke6 34. Rxd7
Kxd7 35. Kd3 Nc7 36. Ba5 Ne6 37. Bd2 Kc7 38. Ke3 Bd4+ 39. Ke2 b5 40. Ne5 Bxe5
41. fxe5 g5 42. f4 gxf4 43. Kf3 Kc6 44. Bxf4 Kc5 45. Bc1 Kd4 46. Bb2+ Kd3 47.
Ba3 a5 48. Bd6 b4 49. Bb8 Kc2 50. Ke3 Kb2 51. Kd3 Kxa2 52. Kc4 a4 0-1

[Event "28th Czech Open A 2017"]
[Site "Pardubice CZE"]
[Date "2017.07.28"]
[Round "8.49"]
[White "Lugovskoy, Maxim"]
[Black "Bilchinski, Anton"]
[Result "1/2-1/2"]
[WhiteTitle "GM"]
[BlackTitle "FM"]
[WhiteElo "2453"]
[BlackElo "2327"]
[WhiteFideId "24126454"]
[BlackFideId "24615765"]
[EventDate "2017.07.21"]

1. e4 Nf6 2. e5 Nd5 3. Nc3 c6 4. Nxd5 cxd5 5. d4 d6 6. exd6 Qxd6 7. Bd3 Nc6 8.
c3 g6 9. Ne2 Bg4 10. f3 Bf5 11. Bf4 Qd7 12. Bb5 Bg7 13. Nc1 a6 14. Ba4 b5 15.
Bb3 h5 16. Nd3 Bxd3 17. Qxd3 O-O 18. O-O Rfd8 19. Rfe1 Qb7 20. g4 hxg4 21. fxg4
Qd7 22. Qf3 a5 23. Rad1 a4 24. Bc2 Re8 25. Qg3 Rac8 26. Bb1 e5 27. dxe5 Bxe5 28.
Bxe5 Rxe5 29. Rxe5 Nxe5 30. Bf5 Qa7+ 31. Kf1 Re8 32. Re1 Qb8 33. Bc2 Qd8 34. Bd3
Nc4 35. Bxc4 Rxe1+ 36. Kxe1 dxc4 37. a3 Qd5 38. h4 Qe4+ 39. Kd2 Kg7 40. g5 Kh7 1/2-1/2

[Event "28th Czech Open A 2017"]
[Site "Pardubice CZE"]
[Date "2017.07.28"]
[Round "8.50"]
[White "Galchenko, Matvey"]
[Black "Sundararajan, Kidambi"]
[Result "1/2-1/2"]
[WhiteTitle "FM"]
[BlackTitle "GM"]
[WhiteElo "2336"]
[BlackElo "2444"]
[WhiteFideId "24175480"]
[BlackFideId "5005370"]
[EventDate "2017.07.21"]

1. e4 c6 2. c4 e5 3. Nc3 Nf6 4. Nf3 d6 5. g3 g6 6. Bg2 Bg7 7. O-O O-O 8. d4 Nbd7
9. h3 a6 10. a4 a5 11. Be3 exd4 12. Nxd4 Re8 13. Re1 Nc5 14. Qc2 Qe7 15. Bf4
Nfd7 16. Rad1 Ne5 17. b3 Ne6 18. Nxe6 Bxe6 19. Bc1 Nd7 20. Ba3 Nc5 21. f4 Rad8
22. Kh2 Qc7 23. Bxc5 dxc5 24. Rxd8 Rxd8 25. e5 Rd4 26. Ne4 Bf5 27. Qf2 Bxe4 28.
Rxe4 Qd8 29. Rxd4 1/2-1/2

[Event "28th Czech Open A 2017"]
[Site "Pardubice CZE"]
[Date "2017.07.28"]
[Round "8.51"]
[White "Krykun, Yuriy"]
[Black "Drnovsek, Gal"]
[Result "1-0"]
[WhiteTitle "FM"]
[BlackTitle "IM"]
[WhiteElo "2334"]
[BlackElo "2440"]
[WhiteFideId "14140667"]
[BlackFideId "14607077"]
[EventDate "2017.07.21"]

1. d4 Nf6 2. c4 e6 3. Nf3 d5 4. g3 Be7 5. Bg2 O-O 6. Qc2 c5 7. O-O cxd4 8. Nxd4
Nc6 9. Nxc6 bxc6 10. b3 Qb6 11. Bb2 a5 12. Nc3 Ba6 13. Na4 Qa7 14. Rfd1 Rac8 15.
Rac1 Qb8 16. Qd2 Bb4 17. Qe3 Bd6 18. Nc5 Qa7 19. Nxa6 Qxa6 20. Bxf6 gxf6 21. Rd4
Be5 22. Rh4 Rfd8 23. Qh6 f5 24. Qxh7+ Kf8 25. Qh6+ Ke7 26. Qe3 Bf6 27. Qc5+ Ke8
28. Rh7 d4 29. g4 fxg4 30. Qh5 Qa7 31. Be4 Rc7 32. Bd3 Re7 33. Kh1 Qc7 34. Qxg4
Qe5 35. Rh5 Qc7 36. Be4 Be5 37. Qf3 Kd7 38. Bxc6+ Qxc6 39. Qxc6+ Kxc6 40. Rxe5
f6 41. Rxa5 Rh8 42. Rg1 Reh7 43. Rg2 Kd6 44. Kg1 Rh3 45. Kf1 f5 46. Ke1 Rxh2 47.
Rxh2 Rxh2 48. f3 e5 49. Kd2 1-0

[Event "28th Czech Open A 2017"]
[Site "Pardubice CZE"]
[Date "2017.07.28"]
[Round "8.52"]
[White "Kazakovskiy, Valeriy"]
[Black "Lerch, Philipp"]
[Result "1/2-1/2"]
[WhiteTitle "IM"]
[BlackTitle "FM"]
[WhiteElo "2433"]
[BlackElo "2320"]
[WhiteFideId "13507443"]
[BlackFideId "4654129"]
[EventDate "2017.07.21"]

1. d4 f5 2. Bg5 g6 3. Nc3 Bg7 4. h4 Nc6 5. Nf3 h6 6. Bf4 d6 7. e3 e6 8. e4 Qe7
9. e5 dxe5 10. Nxe5 Bxe5 11. Bxe5 Nxe5 12. dxe5 Qc5 13. Qe2 Bd7 14. O-O-O O-O-O
15. Rh3 Ne7 16. Qe3 Qxe3+ 17. Rxe3 Bc6 18. Rxd8+ Rxd8 19. Bc4 f4 20. Bxe6+ Kb8
21. Re1 Bxg2 22. Bf7 Rf8 23. e6 Rd8 24. Rg1 Bf3 25. b4 Kc8 26. Rxg6 Nxg6 27.
Bxg6 Rh8 28. e7 Bc6 29. b5 Be8 30. h5 Kd7 31. Nd5 c6 32. bxc6+ bxc6 33. Nf6+
Kxe7 34. Nxe8 Rg8 35. Nc7 Kd6 36. Ne8+ Ke7 1/2-1/2